Sols Rng Quiz - Statistics

General Stats
  • This quiz has been taken 37 times
  • The average score is 4 of 11
Answer Stats
Hint Answer % Correct
Name of the game/Admin exclusive sol
100%
You do this when your mad at the game rage
63%
This Sucks/easy to get common
58%
It has a mutation from the valentines event flushed
38%
this has a smaller mutation that's a 99k rarity exotic apex
29%
A white listed aura that's green(in the game) ruins
25%
a dev aura abomination
17%
rhymes with corrupted corrosive
8%
You Buy this at the Shop eclipse
8%
Something to do with water aquamarine
4%
this aura is a low rarity that's used in a gauntlet sapphire
4%
No matching quizzes found
Score Distribution
Percent of People with Each Score
Percentile by Number Answered
Your Score History
You have not taken this quiz